000 00588nam a2200193 4500
005 20241029133705.0
010 _aENG-142527
020 _c100.00
_a9788187745303
035 _aEN-126059
037 _bDBAD
082 _a881
100 _aVinjamuri, Surya Prakash
_973624
245 _aThey Are There/
_cSurya Prakash Vinjamuri
250 _aFirst
260 _aHyderabad
_bYugadi Publishers
_c
270 _a304, Sridurga Rajeev Residency vijayapuri, Tarnaka
_bHyderabad
_e500017
_myugadipubli@gmail.com
300 _a95p.
_c22m(pb)
942 _2ddc
_cEN
_h881
_mVIN
999 _c206852
_d206852